[Event "TCh-POL Ekstraliga"]
[Site "Miedzybrodzie-Zywiec POL"]
[Date "2011.09.03"]
[Round "6.4"]
[White "Kadziolka,B"]
[Black "Socko,M"]
[Result "1/2-1/2"]
[WhiteElo "2272"]
[BlackElo "2487"]

1.d4 Nf6 2.Bg5 e6 3.e4 h6 4.Bxf6 Qxf6 5.c3 d6 6.Bd3 e5 7.Ne2 g6 8.O-O Bg7
9.f4 Qe7 10.Nd2 O-O 11.Kh1 Bg4 12.Nf3 Nc6 13.d5 Nb8 14.fxe5 Bxe5 15.Nxe5 Qxe5
16.Qd2 Bxe2 17.Qxe2 Nd7 18.Qd2 Qg5 19.Rf4 Ne5 20.Raf1 Rae8 21.Bb5 Re7 22.Qf2 h5
23.Qxa7 b6 24.Qa4 Ng4 25.Qd4 Qe5 26.Qg1 f5 27.exf5 gxf5 28.Qd4 Ne3 29.Re1 Rff7
30.Qxe5 dxe5 31.Rh4 Nxd5 32.Rxh5 Kg7 33.g4 Kg6 34.Rxf5 Rxf5 35.gxf5+ Kxf5
36.Bc6 Nf6 37.Rf1+ Ke6 38.Kg2 e4 39.h3 Ke5 40.Kf2 Rh7 41.Kg3 Nh5+ 42.Kg4 Nf6+
43.Kg3 Nh5+ 44.Kg4 Nf6+  1/2-1/2

[Event "13th Trieste Open"]
[Site "Trieste ITA"]
[Date "2011.09.04"]
[Round "2"]
[White "Doric,D"]
[Black "Ivanovic,An"]
[Result "1-0"]
[WhiteElo "2504"]
[BlackElo "2016"]

1.d4 Nf6 2.Bg5 e6 3.e3 c5 4.Nd2 Be7 5.c3 b6 6.Ngf3 Bb7 7.Bd3 d6 8.Bxf6 Bxf6
9.Qe2 Nd7 10.h4 d5 11.g4 Qc7 12.Bb5 Bc6 13.Bxc6 Qxc6 14.g5 Be7 15.O-O-O c4
16.e4 b5 17.exd5 Qxd5 18.Ne5 Nxe5 19.dxe5 O-O 20.f4 Rfd8 21.Ne4 Qc6 22.h5 Rxd1+
23.Rxd1 Rd8 24.Rxd8+ Bxd8 25.h6 g6 26.Qd2 Be7 27.Qd4 a6 28.a3 Kf8 29.Qa7 Ke8
30.Qd4 Qd7 31.Qe3 Qd5 32.Kc2 Kd8 33.Qe2 Kc7 34.a4 Kb6 35.Qe3+ Bc5 36.Qe2 Be7
37.Qe3+ Bc5 38.a5+ Kc6 39.Qe2 Be7 40.Kc1 Qd8 41.Qf3 Qd5 42.Qe2 Qd8 43.Qe3 Qd5
44.Qa7 Qd3 45.Qxa6+ Kc7 46.Qb6+ Kc8 47.Qc6+ Kd8 48.Qa8+ Kd7 49.Qb7+ Kd8 50.Qb8+ Kd7
51.Qxb5+  1-0

[Event "CHOM Open A"]
[Site "Montreal CAN"]
[Date "2011.09.09"]
[Round "1"]
[White "Bergeron,P"]
[Black "Pottinger,Carl"]
[Result "0-1"]
[WhiteElo "2138"]
[BlackElo "2001"]

1.d4 Nf6 2.Bg5 e6 3.e4 Be7 4.Nd2 O-O 5.Bd3 d6 6.f4 Nbd7 7.Ngf3 h6 8.Bh4 Nh7
9.Bf2 f5 10.e5 d5 11.Qe2 Nb6 12.h3 Bd7 13.O-O Be8 14.Nh2 g5 15.g3 Kh8 16.Kh1 Rg8
17.Be3 Bg6 18.g4 gxf4 19.Bxf4 Qf8 20.gxf5 Bxf5 21.Bxf5 Qxf5 22.Ng4 Qh5 23.Qh2 Ng5
24.Bxg5 Bxg5 25.Nf6 Bxf6 26.Rxf6 Rg6 27.Raf1 Rag8 28.R1f3 Rg1+ 29.Qxg1 Rxg1+
30.Kxg1 Qg5+ 31.Kf1 Qxd2 32.Rxe6 Nc4  0-1

[Event "8th LGA Premium Cup"]
[Site "Nuernberg GER"]
[Date "2011.09.09"]
[Round "2.57"]
[White "Mihok,L"]
[Black "Adler,Her"]
[Result "1-0"]
[WhiteElo "2174"]
[BlackElo "2015"]

1.d4 Nf6 2.Bg5 e6 3.e4 Be7 4.Bd3 d5 5.e5 Nfd7 6.Bxe7 Qxe7 7.c3 b6 8.Na3 a6
9.Nf3 c5 10.O-O Nc6 11.Rc1 Bb7 12.Qe2 O-O 13.Bb1 Rfc8 14.Nc2 Rc7 15.Ne3 Rac8
16.Rc2 f6 17.exf6 gxf6 18.Re1 Qg7 19.Rd2 Kh8 20.Kh1 Rg8 21.Rg1 Ne7 22.Nf1 Nf8
23.Ng3 Neg6 24.Qe3 Bc8 25.Re2 Qe7 26.Rge1 Qd6 27.Nh5 Rf7 28.Qh6 e5 29.dxe5 fxe5
30.Nxe5 Rc7 31.Nxg6+ Nxg6 32.Re8 Qc6 33.Rxg8+ Kxg8 34.f4 Rf7 35.f5 Ne7 36.f6 Bd7
37.Rxe7 Rxe7 38.Qg5+  1-0

[Event "Copa Diesa ITT"]
[Site "Asuncion PAR"]
[Date "2011.09.10"]
[Round "2.1"]
[White "Latorre,Mat"]
[Black "Riline,A"]
[Result "1-0"]
[WhiteElo "2141"]
[BlackElo "2214"]

1.d4 Nf6 2.Bg5 e6 3.Nf3 h6 4.Bh4 c5 5.e3 cxd4 6.exd4 Be7 7.Bd3 O-O 8.Nbd2 b6
9.Qe2 Bb7 10.c3 Nc6 11.O-O-O Nd5 12.Bg3 f5 13.h3 Rc8 14.Kb1 a5 15.Nc4 Ba6
16.Nd6 Bxd3+ 17.Qxd3 Ra8 18.Nb5 a4 19.c4 Ndb4 20.Qd2 Na5 21.Rc1 Na6 22.Ne5 Bg5
23.f4 Bf6 24.Ng6 d5 25.Nxf8 Kxf8 26.cxd5 Qxd5 27.Nc3 Qd7 28.Rhd1 Nc4 29.Qe2 b5
30.Nxb5 Qxb5 31.Qxc4 Qb7 32.Qc6 Qa7 33.Qxe6 Re8 34.Rc8 Rxc8 35.Qxc8+ Kf7
36.Qxf5 a3 37.Qd5+ Kg6 38.Re1 Nc7 39.Qb3 axb2 40.Qc2+ Kf7 41.f5 Nd5 42.Qc8 Ne7
43.Qc4+ Kf8 44.Bd6 Qd7 45.Bxe7+ Bxe7 46.Qe6  1-0

[Event "Paignton Ron Bruce Premier"]
[Site "Paignton ENG"]
[Date "2011.09.10"]
[Round "7"]
[White "Collier,D"]
[Black "Ledger,D"]
[Result "0-1"]
[WhiteElo "2100"]
[BlackElo "2228"]

1.d4 Nf6 2.Bg5 e6 3.Nd2 h6 4.Bh4 d6 5.e4 Nc6 6.c3 e5 7.Bb5 Bd7 8.d5 Ne7 9.Bxd7+ Nxd7
10.f3 Qc8 11.Ne2 Ng6 12.Bf2 Be7 13.c4 O-O 14.Qc2 c6 15.Rc1 Qc7 16.Be3 Rfc8
17.dxc6 bxc6 18.O-O Bg5 19.Qc3 Qb7 20.Bxg5 hxg5 21.Qb3 Qa6 22.Rb1 Rab8 23.Qe3 Nf4
24.Nc3 Nc5 25.b4 Nce6 26.g3 Ng6 27.a4 Ne7 28.Rfd1 f6 29.Kf2 Nd4 30.Qd3 Kf7
31.f4 gxf4 32.gxf4 Rh8 33.Qg3 g6 34.Rg1 Ne6 35.fxe5 dxe5 36.Kg2 Rbd8 37.Rbd1 Rd3
38.Qf2 Rxc3 39.Nf3 Nf4+ 40.Kh1 Qxc4  0-1

[Event "31st Munich OIS A"]
[Site "Munich GER"]
[Date "2011.09.22"]
[Round "6.9"]
[White "Monninger,M"]
[Black "Ruecker,Be"]
[Result "1/2-1/2"]
[WhiteElo "2103"]
[BlackElo "2234"]

1.d4 Nf6 2.Bg5 e6 3.e4 h6 4.Bxf6 Qxf6 5.Qd2 d6 6.Nc3 c6 7.O-O-O e5 8.dxe5 dxe5
9.Bc4 Bb4 10.Nge2 O-O 11.f4 b5 12.Bb3 Bg4 13.Rhf1 Na6 14.h3 Bxe2 15.Qxe2 Bxc3
16.bxc3 exf4 17.e5 Qg5 18.e6 Nc5 19.exf7+ Kh8 20.Qf3 Nxb3+ 21.axb3 Rxf7 22.Qxc6 Raf8
23.Kb2 a5 24.Ra1 b4 25.cxb4 axb4 26.Rfe1 Rf6 27.Qe4 Qc5  1/2-1/2

[Event "31st Munich OIS A"]
[Site "Munich GER"]
[Date "2011.09.24"]
[Round "8.8"]
[White "Monninger,M"]
[Black "Reich,T"]
[Result "1/2-1/2"]
[WhiteElo "2103"]
[BlackElo "2391"]

1.d4 Nf6 2.Bg5 e6 3.e4 d5 4.e5 h6 5.Be3 Nfd7 6.f4 c5 7.c3 Nc6 8.Nf3 cxd4
9.cxd4 Nb6 10.Nbd2 Bd7 11.Be2 h5 12.O-O Be7 13.Ne1 g6 14.Nd3 Nc4 15.Nxc4 dxc4
16.Nc5 Bxc5 17.dxc5 Nb4 18.Bxc4 Bc6 19.Qxd8+ Rxd8 20.Rad1 Nd5 21.Bxd5 Bxd5
22.a3 a6 23.b4 Kd7 24.Rf2 Kc6 25.a4 Bb3 26.Rxd8 Rxd8 27.Rd2 Rxd2 28.Bxd2 Bxa4
29.Kf2 Kd5 30.Ke3 g5 31.g3 g4 32.Be1 Kc4 33.Bd2 Bc6 34.Be1 Kb3 35.Bd2 Kc2
36.Be1  1/2-1/2

[Event "8th Highlands Open"]
[Site "Zdar nad Sazavou CZE"]
[Date "2011.09.29"]
[Round "7"]
[White "Dosoudil,P"]
[Black "Kirs,P1"]
[Result "0-1"]
[WhiteElo "1707"]
[BlackElo "1815"]

1.d4 Nf6 2.Bg5 e6 3.e4 h6 4.Bxf6 Qxf6 5.e5 Qg6 6.Nd2 f6 7.Ngf3 b6 8.c3 Bb7
9.Qb1 Qf7 10.Bd3 f5 11.O-O d6 12.Be2 Nd7 13.Re1 O-O-O 14.Bc4 Re8 15.Qd3 g5
16.Ba6 g4 17.Bxb7+ Kxb7 18.Nh4 Be7 19.g3 Bxh4 20.gxh4 d5 21.Kh1 Qh5 22.f4 Qxh4
23.Qg3 Qe7 24.Rg1 Reg8 25.Kg2 h5 26.Kf2 h4 27.Qd3 g3+ 28.hxg3 hxg3+ 29.Kf3 Qh4
30.Ke3 Qh2 31.Qe2 g2 32.Qf2 Rg3+ 33.Ke2 Rhh3 34.Kd1 Rh4 35.Kc2 Rhg4 36.Rae1 Nf8
37.Re3 Rxe3 38.Qxe3 Rxf4 39.Nf3 Rxf3 40.Qxf3 Qxg1 41.c4 Qf1 42.Qb3 Qxc4+  0-1

[Event "16th ECC w"]
[Site "Rogaska Slatina SLO"]
[Date "2011.10.01"]
[Round "7.2"]
[White "Muzychuk,M"]
[Black "Vasilevich,I"]
[Result "1/2-1/2"]
[WhiteElo "2456"]
[BlackElo "2393"]

1.d4 Nf6 2.Bg5 e6 3.e4 h6 4.Bxf6 Qxf6 5.Nc3 d6 6.Qd2 g5 7.g3 Bg7 8.Nb5 Qe7
9.c3 a6 10.Na3 Nd7 11.Bg2 b5 12.Nc2 Bb7 13.O-O-O Nb6 14.Ne3 a5 15.f4 gxf4
16.gxf4 h5 17.Nh3 a4 18.a3 Nd7 19.Rhe1 O-O-O 20.Qe2 Bh6 21.Qxb5 Rdg8 22.Qxa4 Qh4
23.Qc2 Bxf4 24.Nxf4 Qxf4 25.Bh1 Nf6 26.Kb1 Bxe4 27.Bxe4 Qxe4 28.Rf1 Qxc2+
29.Kxc2 Ng4 30.Nxg4 hxg4 31.Rd2 Rh7 32.a4 Rgh8 33.Rff2 f5 34.d5 e5 35.Rxf5 Rxh2
36.Rg5 Rxd2+ 37.Kxd2 Rh2+ 38.Ke3 Rg2 39.Rg7 Kb7 40.a5 g3 41.b4 Rg1 42.a6+ Kxa6
43.Rxc7 Rd1 44.Rg7 Kb5 45.Rxg3 Kc4 46.Ke4 Rf1 47.Rg6 Rf4+ 48.Ke3 Kxd5 49.Rh6 Rg4
50.Kd3 Rg3+ 51.Kd2 Rg2+ 52.Ke3 Rg3+ 53.Kd2 e4 54.c4+ Ke5 55.Rh5+ Kf4 56.c5 Rg2+
57.Ke1 dxc5 58.Rxc5 Kf3 59.Rf5+ Ke3 60.Kf1 Rb2 61.Rb5 Rb1+ 62.Kg2 Ke2 63.Ra5 Rxb4
64.Ra2+ Ke3 65.Ra3+ Kf4 66.Kf2 Rb2+ 67.Ke1 Rh2 68.Rb3 Rh1+ 69.Ke2 Rh2+ 70.Ke1 Rh1+
71.Ke2  1/2-1/2

[Event "Oslo GM Open"]
[Site "Oslo NOR"]
[Date "2011.10.04"]
[Round "3.21"]
[White "Flaata,A"]
[Black "Gabrielsen,S"]
[Result "0-1"]
[WhiteElo "2108"]
[BlackElo "2311"]

1.d4 Nf6 2.Bg5 e6 3.e3 c5 4.c3 Be7 5.Nd2 b6 6.Ngf3 Bb7 7.Bd3 h6 8.Bxf6 Bxf6
9.Qe2 Qc7 10.O-O-O a6 11.Kb1 Nc6 12.d5 Ne5 13.d6 Qxd6 14.Be4 Qc7 15.Nxe5 Bxe5
16.f4 Bxe4+ 17.Nxe4 Qc6 18.Ng3 Bf6 19.e4 d6 20.Nh5 Kf8 21.Nxf6 gxf6 22.Rhe1 Rg8
23.g3 b5 24.Qh5 Kg7 25.g4 Rh8 26.Qh4 Rad8 27.e5 dxe5 28.Rxd8 Rxd8 29.fxe5 Qf3
30.exf6+ Qxf6 31.Qg3 b4 32.cxb4 cxb4 33.h4 a5 34.g5 hxg5 35.hxg5 Qf5+ 36.Ka1 a4
37.Qh4 Qc2 38.Qg4 a3 39.bxa3 Qc3+  0-1

[Event "Belgrade Premier League 2011"]
[Site "Belgrade SRB"]
[Date "2011.10.05"]
[Round "5.6"]
[White "Tosic,S"]
[Black "Carnic,S"]
[Result "1-0"]
[WhiteElo "2338"]
[BlackElo "2343"]

1.d4 Nf6 2.Bg5 e6 3.e4 h6 4.Bxf6 Qxf6 5.Nf3 d5 6.Nbd2 Qd8 7.Bd3 Be7 8.Qe2 dxe4
9.Nxe4 Nd7 10.O-O O-O 11.Rad1 Bf6 12.Nxf6+ Nxf6 13.Ne5 b6 14.c4 Bb7 15.Bc2 Qe7
16.Rfe1 Rfd8 17.Qd3 g6 18.Qh3 Qf8 19.Qh4 g5 20.Qh3 c5 21.dxc5 bxc5 22.Qe3 Rxd1
23.Rxd1 Rd8 24.Rxd8 Qxd8 25.h4 gxh4 26.Qxh6 Be4 27.Qg5+ Kf8 28.Bxe4 Qd1+
29.Kh2 Nxe4 30.Qxh4 Qe1 31.Nd7+ Kg7 32.Qg4+ Kh6 33.Qf4+ Kg7 34.Qe5+ Kg6 35.Nxc5  1-0

[Event "20th TCh-CRO w"]
[Site "Sibenik CRO"]
[Date "2011.10.05"]
[Round "2.4"]
[White "Rozic,V"]
[Black "Franciskovic,B"]
[Result "1/2-1/2"]
[WhiteElo "2278"]
[BlackElo "2265"]

1.d4 Nf6 2.Bg5 e6 3.e4 h6 4.Bxf6 Qxf6 5.c3 d5 6.Nd2 c5 7.Ngf3 Nc6 8.exd5 exd5
9.Bb5 Bg4 10.O-O cxd4 11.Qa4 Be7 12.Nxd4 Bd7 13.Qb3 O-O 14.N2f3 Rfd8 15.Bd3 Bc5
16.Rad1 Bg4 17.Be2 Bxd4 18.cxd4 Bxf3 19.Bxf3 Nxd4 20.Qxb7 Nxf3+ 21.gxf3 Qxf3
22.Rd4 Rab8 23.Qc7 Rbc8 24.Qg3 Qxg3+ 25.hxg3 Rc2 26.Rb1 g6 27.a4 Kg7 28.Rbd1 Rxb2
29.Rxd5 Re8 30.R1d3 Ra2 31.Ra5 Re4 32.Rxa7 Raxa4 33.Rb7 Rab4 34.Ra7 Ra4 35.Rb7 Re6
36.Rf3 Rf6 37.Kg2 g5 38.Rxf6 Kxf6 39.Rb6+ Kg7 40.Rb7 Kg6 41.Rb6+ f6 42.Rc6 Rb4
43.Ra6 Rc4 44.Rb6 Ra4 45.Rc6 h5 46.Rb6 h4 47.Rc6 hxg3 48.Kxg3 Rf4 49.Ra6 Kh5
50.Rb6 Kg6 51.Ra6 Rc4 52.Rb6 Re4 53.Ra6 Kf7 54.Ra7+ Ke6 55.Rg7 Kf5 56.Rg8 Rg4+
57.Kf3 Rd4 58.Kg3 Rd6 59.Rg7 Ke6 60.Kg4 Rd3 61.Ra7 Rd4+ 62.Kg3 f5 63.Ra3 Ke5
64.Re3+ Kf6 65.Ra3 Kg6 66.Ra5 Rd3+ 67.Kg2 f4 68.Ra4 Kh5 69.Rb4 Ra3 70.Rc4 Ra5
71.Rb4 Kg6 72.Rc4 Kf5 73.f3 Ra2+ 74.Kf1 Kg6 75.Rc8 Ra5 76.Rg8+ Kf7 77.Rb8 Ke6
78.Rg8 Re5 79.Kf2 Kd5 80.Ra8 Kd4 81.Ra4+ Kd3 82.Ra3+ Kc2 83.Ra2+ Kc3 84.Ra3+ Kc4
85.Ra4+ Kb3 86.Ra8 Rc5 87.Ke2 Kc3 88.Rd8 Kc4 89.Rd7 Ra5 90.Rc7+ Rc5 91.Rd7 Re5+
92.Kf2 Rd5 93.Rg7 Rd2+ 94.Kf1 Rd5 95.Ke2 Re5+ 96.Kf2 Kd4 97.Rg8 Ra5 98.Rd8+ Ke5
99.Re8+ Kf6 100.Rf8+ Kg7 101.Rb8 Ra2+ 102.Kf1 Kg6 103.Rc8 Kf6 104.Rb8 Rc2
105.Rg8 Kf5 106.Ra8 Ke5 107.Rd8 Ra2  1/2-1/2

[Event "Belgrade Premier League 2011"]
[Site "Belgrade SRB"]
[Date "2011.10.08"]
[Round "7.6"]
[White "Zmijanac,D"]
[Black "Vucinic,G"]
[Result "1-0"]
[WhiteElo "2208"]
[BlackElo "2134"]

1.d4 Nf6 2.Bg5 e6 3.e3 c5 4.Nf3 Qb6 5.Qc1 Nc6 6.c3 d5 7.Bd3 Bd6 8.O-O Bd7
9.Nbd2 O-O-O 10.dxc5 Bxc5 11.b4 Bd6 12.e4 Kb8 13.a4 Rc8 14.exd5 exd5 15.Bb5 Nxb4
16.Bxf6 Bxb5 17.axb5 gxf6 18.Qb2 Nd3 19.Qc2 Nf4 20.Kh1 Qxb5 21.Rfb1 Qd3 22.Qa4 Kc7
23.Rxb7+ Kxb7 24.Qxa7+ Kc6 25.Nd4+ Qxd4 26.cxd4 Rc7 27.Qa4+  1-0

[Event "20th TCh-CRO w"]
[Site "Sibenik CRO"]
[Date "2011.10.08"]
[Round "6.2"]
[White "Rozic,V"]
[Black "Muzychuk,M"]
[Result "1/2-1/2"]
[WhiteElo "2278"]
[BlackElo "2456"]

1.d4 Nf6 2.Bg5 e6 3.e4 h6 4.Bxf6 Qxf6 5.c3 c5 6.Nf3 Nc6 7.d5 Ne5 8.Nbd2 Be7
9.Be2 O-O 10.O-O Nxf3+ 11.Bxf3 d6 12.a4 e5 13.Bg4 Qg6 14.Bxc8 Raxc8 15.Re1 Rcd8
16.Qe2 Bg5 17.Nf1 f5 18.exf5 Rxf5 19.Ng3 Rf4 20.Ne4 Rdf8 21.Rad1 Bh4 22.g3 Be7
23.Kh1 R4f5 24.c4 h5 25.Rd3 h4 26.g4 Rf4 27.h3 Bd8 28.Re3 Ba5 29.Rf1 Bd8
30.Re1 Bg5 31.Rb3 R4f7 32.Kg2 Bf4 33.Qd3 Qh6 34.Re2 Bg5 35.Re1 Bd2 36.Re2 Bb4
37.Re3 Rf4 38.Re2 Kf7 39.Qc2 Ke7 40.Rbe3 Kd7 41.Qb3 Kc7 42.Qd3 R4f7 43.Qc2 Rf4  1/2-1/2

[Event "TCh-MNE 1st League"]
[Site "Tivat MNE"]
[Date "2011.10.08"]
[Round "2.5"]
[White "Milovic,J"]
[Black "Popadic,Dr"]
[Result "1-0"]
[WhiteElo "2377"]
[BlackElo "2240"]

1.d4 Nf6 2.Bg5 e6 3.e4 h6 4.Bxf6 Qxf6 5.e5 Qe7 6.c3 d6 7.Nf3 Nc6 8.exd6 cxd6
9.Bb5 Bd7 10.O-O Ne5 11.Bxd7+ Nxd7 12.d5 e5 13.Na3 Qd8 14.Qb3 Qb6 15.Nc4 Qxb3
16.axb3 Be7 17.Nfd2 f5 18.f4 e4 19.g4 g6 20.gxf5 gxf5 21.Ne3 O-O 22.Kh1 Rf7
23.b4 Kh7 24.Nb3 Bd8 25.Nd4 Bb6 26.Nexf5 Raf8 27.Nxd6 Rxf4 28.Rxf4 Rxf4 29.Ne6 Rh4
30.Re1 Nf6 31.Nf8+ Kg8 32.Ng6 Rg4 33.Ne5 Rh4 34.Re2 Bc7 35.Rg2+ Kh7 36.Nf5 Bxe5
37.Nxh4 Nxd5 38.Re2 Nf6 39.Nf3 exf3 40.Rxe5 Ng4 41.Rf5 f2 42.h3  1-0

[Event "Lichtenrader Autumn"]
[Site "Berlin GER"]
[Date "2011.10.11"]
[Round "4.3"]
[White "Meijers,V"]
[Black "Reichenbach,W"]
[Result "1-0"]
[WhiteElo "2471"]
[BlackElo "2310"]

1.d4 Nf6 2.Bg5 e6 3.e4 h6 4.Bxf6 Qxf6 5.c3 d6 6.Bd3 e5 7.Ne2 Nc6 8.O-O Be7
9.f4 exd4 10.cxd4 Bg4 11.d5 Nb8 12.Nbc3 Nd7 13.h3 Bxe2 14.Qxe2 O-O 15.Rae1 Qd4+
16.Kh1 Bf6 17.Bb1 Rfe8 18.Qc2 Nf8 19.Nb5 Qb4 20.Nxc7 Rec8 21.e5 Bd8 22.a3 Qa5
23.exd6 Bxc7 24.dxc7 Rxc7 25.Qd3 Rd8 26.Ba2 Qb6 27.b4 Qf6 28.Rf3 Rdc8 29.Ref1 Rc2
30.Bb1 R2c3 31.Qd2 Rxf3 32.Rxf3 Qa1 33.Rb3 Qf6 34.Kh2 Qd6 35.Be4 Rc4 36.Qe3 Nd7
37.g3 b6 38.Bg2 Kf8 39.Rb2 Rc8 40.Re2 Nf6 41.Qe5 Rd8 42.Rc2 g5 43.Qf5 gxf4
44.Rc6 fxg3+ 45.Kh1  1-0

[Event "Belgrade Premier League 2011"]
[Site "Belgrade SRB"]
[Date "2011.10.12"]
[Round "11.3"]
[White "Kiproski,B"]
[Black "Jelic,G"]
[Result "0-1"]
[WhiteElo "2003"]
[BlackElo "2193"]

1.d4 Nf6 2.Bg5 e6 3.Nf3 c5 4.c3 h6 5.Bh4 cxd4 6.cxd4 Bb4+ 7.Nbd2 g5 8.Bg3 Ne4
9.a3 Nxg3 10.hxg3 Be7 11.e3 d6 12.Bd3 Nc6 13.Rc1 Bd7 14.b4 a6 15.Ne4 Kf8
16.Nc3 d5 17.Qb3 Kg7 18.Ne2 a5 19.Ne5 axb4 20.Nxc6 bxc6 21.axb4 Rb8 22.O-O Rxb4
23.Qc2 h5 24.Rb1 Rxb1 25.Rxb1 Qc7 26.Qb3 Bd6 27.Qb7 Rb8 28.Qxb8 Qxb8 29.Rxb8 Bxb8
30.f4 f6 31.Kf2 Bd6 32.Kf3 Bb4 33.e4 Bd2 34.e5 fxe5 35.fxe5 Be8 36.g4 h4
37.Bc2 Kf8 38.Kf2 Ke7 39.Ng1 Kd8 40.Ke2 Bc1 41.Nf3 Kc7 42.Kd3 Kb6 43.Kc3 c5
44.dxc5+ Kxc5 45.Bh7 Bf4 46.Bg8 d4+ 47.Kd3 Bb5+  0-1

[Event "TCh-ROU Superliga 2011"]
[Site "Brasov ROU"]
[Date "2011.10.12"]
[Round "5.3"]
[White "Tugui,A"]
[Black "Genov,Peta"]
[Result "1/2-1/2"]
[WhiteElo "2384"]
[BlackElo "2447"]

1.d4 Nf6 2.Bg5 e6 3.e4 h6 4.Bxf6 Qxf6 5.c3 d6 6.Bd3 e5 7.Ne2 g6 8.O-O Bg7
9.f4 Qe7 10.Nd2 O-O 11.Nf3 Nd7 12.Qd2 b6 13.Rae1 Bb7 14.Ng3 Rad8 15.h4 c5
16.h5 cxd4 17.cxd4 exd4 18.Bc4 d5 19.Bxd5 Bxd5 20.exd5 Qc5  1/2-1/2

[Event "TCh-MNE 1st League"]
[Site "Tivat MNE"]
[Date "2011.10.12"]
[Round "5.2"]
[White "Bogosavljevic,B"]
[Black "Todorovic,GN"]
[Result "1-0"]
[WhiteElo "2541"]
[BlackElo "2396"]

1.d4 Nf6 2.Bg5 e6 3.e4 h6 4.Bxf6 Qxf6 5.Nf3 d6 6.Nc3 Nd7 7.Qd2 c6 8.O-O-O Be7
9.Kb1 e5 10.h4 a6 11.Be2 Nf8 12.Na4 Nd7 13.g4 Bd8 14.g5 Qe7 15.Rhg1 b5 16.Nc3 Bb6
17.a4 Nf8 18.gxh6 gxh6 19.Na2 Bd7 20.dxe5 dxe5 21.Qc3 f6 22.Nb4 Qc5 23.Qd2 a5
24.Nd3 Qe7 25.h5 O-O-O 26.Nh4 Rh7 27.Ng6 Qe8 28.Qc3 b4 29.Qc4 Be6 30.Bg4 Kc7
31.Bxe6 Qxe6 32.Qa6 Nd7 33.Nc1 Nc5 34.Qe2 Rxd1 35.Rxd1 Rf7 36.Nd3 Nxa4 37.Qd2 Bd4
38.Qxh6 c5 39.Qh8 c4 40.Ndf4 Qg4 41.Nd5+ Kb7 42.Re1 Bxf2 43.Qe8 Rg7 44.Qxa4 Bxe1
45.Qb5+ Ka8 46.Qa6+ Kb8 47.Qd6+ Kb7 48.Nxf6 Qg1 49.Qd5+ Kb6 50.Ka2 Rc7 51.Nxe5 b3+
52.cxb3 cxb3+ 53.Qxb3+ Bb4 54.Nd5+ Kb7 55.Nxc7 Kxc7 56.Qf7+  1-0

[Event "II Oliver Gonzalez Memorial"]
[Site "Madrid ESP"]
[Date "2011.10.13"]
[Round "6.59"]
[White "Zhynguel Ramirez de Verger,Alek"]
[Black "Rodriguez Bachiller,L"]
[Result "1/2-1/2"]
[WhiteElo "1516"]
[BlackElo "1777"]

1.d4 Nf6 2.Bg5 e6 3.e3 d5 4.Nf3 c5 5.c3 Nc6 6.Nbd2 cxd4 7.exd4 Bd7 8.Bd3 Be7
9.Ne5 O-O 10.O-O Ne8 11.Bf4 Nxe5 12.Bxe5 Bd6 13.f4 f6 14.Bxd6 Nxd6 15.Qe2 a6
16.Nb3 f5 17.Nc5 Re8 18.Nb3 Ne4 19.Nd2 Nxd2 20.Qxd2 Rc8 21.Rac1 Qa5 22.a3 Rc6
23.Rf3 Rec8 24.Rh3 Qd8 25.Qf2 Qf6 26.Qh4 Qxh4 27.Rxh4 Rb6 28.Rc2 Rb3 29.g4 Rc6
30.g5 Rcb6 31.Kf1 Rxb2 32.Ke2 Rxc2+ 33.Bxc2 Rb2 34.Kd1 Ra2 35.Kc1 Rxa3 36.Kb2 Ra5
37.Rh3 Rb5+ 38.Ka3 Rb6 39.Re3 Bb5 40.Re1 Be8 41.Rb1 Rxb1 42.Bxb1 Kf7 43.Bd3 Ke7
44.Kb4 Kd6 45.Ka5 Kc7 46.Be2 Bd7 47.Bd3 Bc8 48.h4 b6+ 49.Kb4 Kc6 50.Be2 a5+
51.Ka4 Bd7 52.Kb3 b5 53.Ka3 Kb6 54.Bd3 Bc8 55.Be2 Ba6 56.Bd1 Kc6 57.Kb3 h6
58.Ka3 b4+ 59.cxb4 Kb6 60.Ba4 axb4+ 61.Kxb4 Bc8 62.Be8 Kc7 63.Kc5 Kd8 64.Bc6 Ke7
65.Bb5 Bd7 66.Be2 Ba4 67.Kb4 Bc2 68.Kc5 Bb3 69.Bf3 Bc4 70.Bd1 Kd7 71.Ba4+ Kc7
72.Bb5 Bxb5 73.Kxb5 Kd6 74.Kb6 Kd7 75.Kb5 Kc7 76.Kc5 hxg5 77.hxg5 g6 78.Kb5 Kd6
79.Kb6 Kd7 80.Kb5 Kd8 81.Kc5 Kd7 82.Kb5 Kd6 83.Kb6 Ke7 84.Kc5 Kd7 85.Kb5  1/2-1/2

[Event "TCh-ROU Superliga 2011"]
[Site "Brasov ROU"]
[Date "2011.10.14"]
[Round "7.2"]
[White "Yemelin,V"]
[Black "Genov,Peta"]
[Result "1/2-1/2"]
[WhiteElo "2568"]
[BlackElo "2447"]

1.d4 Nf6 2.Bg5 e6 3.Nd2 c5 4.Ne4 Qa5+ 5.Bd2 Qb6 6.Nxf6+ gxf6 7.Bc3 cxd4 8.Bxd4 Bc5
9.Bxc5 Qxc5 10.c3 Nc6 11.g3 b6 12.Bg2 Bb7 13.Nf3 Rd8 14.O-O Ne5 15.Nxe5 Bxg2
16.Nd3 Qc6 17.Re1 Be4 18.Qd2 d5 19.Rad1 Ke7 20.Nb4 Qc5 21.Nc2 h5 22.Ne3 h4
23.g4 f5 24.f3 f4 25.Kg2 e5 26.fxe4 fxe3  1/2-1/2

[Event "Indonesia Open"]
[Site "Jakarta INA"]
[Date "2011.10.14"]
[Round "3.28"]
[White "Barus,C"]
[Black "Farid,F"]
[Result "0-1"]
[WhiteElo "2438"]
[BlackElo "2241"]

1.d4 Nf6 2.Bg5 e6 3.e4 d5 4.e5 h6 5.Be3 Nfd7 6.Nf3 c5 7.c3 Nc6 8.Be2 Qb6
9.Qc2 Be7 10.O-O O-O 11.Nbd2 f5 12.exf6 Rxf6 13.Rad1 Bd6 14.Rfe1 e5 15.Nf1 cxd4
16.cxd4 e4 17.Ne5 Qc7 18.Nxc6 bxc6 19.Rc1 Nf8 20.a3 Bd7 21.b4 a5 22.Qb3 Qb7
23.Rb1 Rb8 24.Qa2 axb4 25.axb4 Ne6 26.f3 exf3 27.Bxf3 Nc7 28.Ng3 Nb5 29.Ne4 Re6
30.Nxd6 Nxd6 31.Bf2 Rxe1+ 32.Bxe1 Ra8 33.Qe2 Re8 34.Qd1 Bf5 35.Ra1 Qb6 36.Bf2 Qxb4
37.Qc1 Nc4 38.h3 Qd6 39.Ra7 Rb8 40.Ra1 Rb2 41.Qe1 Nd2 42.Bh5 Ne4 43.Be3 Bxh3
44.Bf3 Qg6 45.Qf1 Ng3 46.Qe1 Ne2+ 47.Kh2 Bxg2  0-1

[Event "II Oliver Gonzalez Memorial"]
[Site "Madrid ESP"]
[Date "2011.10.14"]
[Round "7.17"]
[White "Hernando Rodrigo,Jo"]
[Black "Lopez Mulet,Inigo"]
[Result "1-0"]
[WhiteElo "2328"]
[BlackElo "1839"]

1.d4 Nf6 2.Bg5 e6 3.e4 h6 4.Bxf6 Qxf6 5.Nc3 Bb4 6.Qd2 O-O 7.a3 Bxc3 8.Qxc3 Nc6
9.Nf3 a6 10.Be2 b6 11.Ne5 Nxe5 12.dxe5 Qg6 13.O-O Bb7 14.f3 Rac8 15.Rad1 Rfd8
16.Rd2 f5 17.exf5 Qxf5 18.Rfd1 Qf7 19.Bc4 d5 20.exd6 cxd6 21.Rxd6 Bd5 22.Bxd5 exd5
23.Rxd8+ Rxd8 24.Qc6 Qe7 25.Qxb6 Rc8 26.c3 Qe2 27.Qb3 Rc5 28.a4 Kh7 29.h3 d4
30.cxd4 Rc2 31.Qd3+ Qxd3 32.Rxd3 Rxb2 33.d5 Rb7 34.d6 Rd7 35.Kf2 Kg6 36.Ke3 Kf6
37.Ke4 Ke6 38.f4 Rxd6 39.Rxd6+ Kxd6 40.Kf5 Ke7 41.Kg6 Kf8 42.f5 a5 43.f6  1-0

[Event "Chigorin Memorial Open"]
[Site "St Petersburg RUS"]
[Date "2011.10.15"]
[Round "2.29"]
[White "Sichinava,Z"]
[Black "Rychagov,A"]
[Result "0-1"]
[WhiteElo "2372"]
[BlackElo "2556"]

1.d4 Nf6 2.Bg5 e6 3.Nd2 c5 4.c3 cxd4 5.cxd4 Qb6 6.Qc2 Nc6 7.Bxf6 gxf6 8.e3 d5
9.Ngf3 Bd7 10.Rc1 Bd6 11.Be2 Nb4 12.Qb3 Bb5 13.Bxb5+ Qxb5 14.Rc3 a5 15.a4 Qa6
16.e4 O-O 17.e5 Be7 18.exf6 Bxf6 19.Ne5 Bxe5 20.dxe5 Rfc8 21.Kd1 Rxc3 22.Qxc3 b6
23.Re1 Rc8 24.Qg3+ Kf8 25.Re3 Na2 26.Nb3 Qf1+ 27.Kd2 Qb1 28.Ke2 Rc2+ 29.Kf3 Qd1+
30.Kf4 Qh5 31.Nd4 Rc4 32.Rd3 Qf5+ 33.Ke3 Qe4+  0-1

[Event "Chigorin Memorial Open"]
[Site "St Petersburg RUS"]
[Date "2011.10.15"]
[Round "2.89"]
[White "Harshkou,M"]
[Black "Dushin,N"]
[Result "1-0"]
[WhiteElo "2248"]
[BlackElo "1993"]

1.d4 Nf6 2.Bg5 e6 3.e3 d5 4.Bd3 c5 5.c3 Qb6 6.Qb3 c4 7.Qxb6 axb6 8.Bc2 b5
9.b4 cxb3 10.Bxb3 Ne4 11.Bf4 Nc6 12.f3 Na5 13.Bc2 Nf6 14.Nd2 b4 15.Ne2 Bd7
16.Bd3 bxc3 17.Nxc3 Bb4 18.Nb5 O-O 19.Ke2 Bxb5 20.Bxb5 Rfc8 21.Rhc1 Ba3 22.Rxc8+ Rxc8
23.Kd3 Nc6 24.Bxc6 Rxc6 25.Rb1 b6 26.Rb3 Be7 27.Nb1 Nd7 28.Nc3 g5 29.Bg3 Bd6
30.Bxd6 Rxd6 31.Ra3 Kf8 32.Ra7 Ke7 33.Rc7 b5 34.Nxb5 Ra6 35.Ra7 Rxa7 36.Nxa7 Nb6
37.Nb5 f5 38.Nc3 Kd6 39.g4 fxg4 40.fxg4 Nc4 41.Ne4+ Ke7 42.Nxg5  1-0

[Event "Chigorin Memorial Open"]
[Site "St Petersburg RUS"]
[Date "2011.10.17"]
[Round "4.26"]
[White "Sichinava,Z"]
[Black "Rakhmanov,Ale"]
[Result "0-1"]
[WhiteElo "2372"]
[BlackElo "2592"]

1.d4 Nf6 2.Bg5 e6 3.c4 h6 4.Bh4 Bb4+ 5.Nc3 c5 6.e3 Qa5 7.Ne2 Ne4 8.Qc2 d5
9.f3 Nd6 10.cxd5 exd5 11.dxc5 Nc4 12.Bf2 O-O 13.Rd1 Qxa2 14.Rd2 Qa1+ 15.Rd1 Qxb2
16.Qxb2 Nxb2 17.Rxd5 Be6 18.Rd2 Nc4 19.Rc2 Na3 20.Rc1 Nb5 21.Bg3 Rc8 22.Kf2 Nxc3
23.Nxc3 Rxc5 24.Ne2 Nc6 25.Rxc5 Bxc5 26.Nc3 Rd8 27.Be2 Ne7 28.Na4 Bb4 29.Rb1 Nc6
30.Kf1 Ba2 31.Rb2 Rd2 32.Rxb4 Nxb4 33.Be1 Rxe2 34.Kxe2 Bc4+ 35.Kd2 Nc6 36.Kc2 Bf1
37.g3 Ne5 38.f4 Nf3 39.Bc3 Bb5 40.Nc5 b6 41.Ne4 Nxh2 42.Bd4 Nf1 43.Kd1 f5  0-1

[Event "XXIX Balaton Open A"]
[Site "Heviz HUN"]
[Date "2011.10.18"]
[Round "1"]
[White "Istvanovszki,M"]
[Black "Obran,H"]
[Result "0-1"]
[WhiteElo "2311"]
[BlackElo "1988"]

1.d4 Nf6 2.Bg5 e6 3.e4 Be7 4.Bxf6 Bxf6 5.c3 d6 6.Bd3 Nd7 7.Ne2 c5 8.O-O g6
9.Nd2 O-O 10.Kh1 Bg7 11.f4 cxd4 12.cxd4 e5 13.Nc4 Qe7 14.fxe5 dxe5 15.d5 Nc5
16.Bc2 Qh4 17.Nc3 b5 18.g3 Qh3 19.Nxb5 f5 20.Nc7 Rb8 21.d6 Bb7 22.Nd5 fxe4
23.Nde3 Rf3 24.b4 Ne6 25.Bb3 Kh8 26.Na5 Ba8 27.Qe1 Rbf8 28.Rxf3 exf3 29.Bd5 Bxd5  0-1